Guarani or Ponte Preta Quiz Stats

 Plays Quiz not verified by Sporcle

Score 0/14 Timer 03:00
0 Plays Today
Question Answer Wrong Answers
…is nicknamed Macaca or She-Monkey? Associação Atlética
Ponte Preta
87.5%
Guarani FC
2.5%
…traditionally plays in black and white? Associação Atlética
Ponte Preta
77.5%
Guarani FC
12.5%
…has reached a Copa do Brasil semi-final (2001)? Associação Atlética
Ponte Preta
77.5%
Guarani FC
15%
…has won a Brasileirão title (1978)? Guarani FC
77.5%
Associação Atlética
Ponte Preta
17.5%
…has reached a Copa Sudamericana final (2013)? Associação Atlética
Ponte Preta
77.5%
Guarani FC
10%
…has completed more seasons in the Brasileirão (29)? Guarani FC
72.5%
Associação Atlética
Ponte Preta
17.5%
…has reached a Copa Libertadores semi-final (1979)? Guarani FC
72.5%
Associação Atlética
Ponte Preta
17.5%
…plays home games at Estádio Brinco de Ouro? Guarani FC
72.5%
Associação Atlética
Ponte Preta
22.5%
…was established first (1900)? Associação Atlética
Ponte Preta
70%
Guarani FC
20%
…has the better head-to-head record? Guarani FC
62.5%
Associação Atlética
Ponte Preta
32.5%
…has the higher attendance record (52,002)? Guarani FC
62.5%
Associação Atlética
Ponte Preta
25%
…recorded the first known win in a Dérbi Campineiro (2-1)? Associação Atlética
Ponte Preta
62.5%
Guarani FC
27.5%
…holds the record for biggest derby win (6-0)? Guarani FC
50%
Associação Atlética
Ponte Preta
40%
…holds the record undefeated streak between the two (16 games)? Associação Atlética
Ponte Preta
42.5%
Guarani FC
47.5%

You're not logged in!

Compare scores with friends on all Sporcle quizzes.
OR
Log In

Show Comments

Extras

Top Quizzes Today


Score Distribution

Your Account Isn't Verified!

In order to create a playlist on Sporcle, you need to verify the email address you used during registration. Go to your Sporcle Settings to finish the process.

Report this User

Report this user for behavior that violates our Community Guidelines.

Details: